Galería de juegos de ciencias naturales. (Record no. 86287)

MARC details
000 -CABECERA
campo de control de longitud fija 01012nmm a2200229 a 4500
005 - FECHA Y HORA DE LA ÚLTIMA TRANSACCIÓN
campo de control 20241012063859.0
008 - ELEMENTOS DE LONGITUD FIJA--INFORMACIÓN GENERAL
campo de control de longitud fija 011002s1999 r 000 0 eng d
035 ## - NÚMERO DE CONTROL DEL SISTEMA
Número de control de sistema UPN01000112379
049 ## - COLECCIÓN
Colección I
050 #4 - SIGNATURA TOPOGRÁFICA DE LA BIBLIOTECA DEL CONGRESO
Número de clasificación LB1029 G3
Número de documento/Ítem G3.7
245 00 - MENCIÓN DE TÍTULO
Título Galería de juegos de ciencias naturales.
260 ## - PUBLICACIÓN, DISTRIBUCIÓN, ETC.
Lugar de publicación, distribución, etc. México :
Nombre del editor, distribuidor, etc. Vermic,
Fecha de publicación, distribución, etc. c1999
300 ## - DESCRIPCIÓN FÍSICA
Extensión 1 disco óptico de computador :
Otras características físicas son., col. :
Dimensiones 4 3/4 plg.
538 ## - NOTA DE DETALLES DEL SISTEMA
Nota de detalles del sistema Requisitos del sistema: Computadora PC 386 o superior; 580 Kb. libres de memoria; Dos: Unidad de CD-ROM; 27 Mb. de espacio en disco duro para su instalación; Tarjeta de sonido; Mouse, Microsoft o compatible.
521 ## - NOTA DE AUDIENCIA
Nota de público destinatario Para 3o. 4o. 5o. y 6o. de educación primaria.
505 ## - NOTA DE CONTENIDO CON FORMATO PREESTABLECIDO
Nota de contenido con formato Los seres vivios -- El cuerpo humano -- Alimentación y salud humana -- Ciencia y tecnología -- El ambiente y su protección.
653 0# - TERMINO DE INDIZACION - NO CONTROLADO
Término no controlado CIENCIAS NATURALES -
-- ESTUDIO Y ENSEÑANZA (ELEMENTAL)
650 #4 - ASIENTO SECUNDARIO DE MATERIA - TERMINO TEMATICO
Término de materia o nombre geográfico como elemento de entrada Juegos educativos
9 (RLIN) 3952
901 ## - ELEMENTOS DE DATOS A LOCAL LDA (RLIN)
a 183636
905 ## - TIPO DE MATERIAL
Tipo de material Electronicos
Holdings
Estado de retiro Estado de pérdida Fuente del sistema de clasificación o colocación Estado dañado No para préstamo Código de colección Localización permanente Ubicación/localización actual Ubicación en estantería Total de préstamos Clasificación Código de barras Fecha visto por última vez Número de copia Tipo de ítem Koha
    Library of Congress Classification     Infantil Bib. Gregorio Torres Quintero Bib. Gregorio Torres Quintero Sala infantil Planta baja   LB1029 G3 G3.7 183636 31/12/2020 1 Formato Digital